Japan electronics almanac 1984

Gespeichert in:
Bibliographische Detailangaben
Format: Buch
Sprache:Undetermined
Veröffentlicht: Tokyo Hitachi 1984
Schlagworte:
Tags: Tag hinzufügen
Keine Tags, Fügen Sie den ersten Tag hinzu!
Thư viện lưu trữ: Trung tâm Học liệu Trường Đại học Cần Thơ
LEADER 00457nam a2200181Ia 4500
001 CTU_98151
008 210402s9999 xx 000 0 und d
082 |a 338.47621 
082 |b J35/1984 
245 0 |a Japan electronics almanac 1984 
260 |a Tokyo 
260 |b Hitachi 
260 |c 1984 
650 |a Electronic industries 
650 |x Statistics 
650 |z Japan 
904 |i Truc 
980 |a Trung tâm Học liệu Trường Đại học Cần Thơ